[Event "PARDUBICE OPEN  2007 "]
[Site "CEZ arena,  Pardubice  (CZE)"]
[Date "2007.07.23"]
[Round "4"]
[White "Hasangatin, Ramil"]
[Black "Dinger, Florian"]
[Result "1-0"]
[WhiteElo "2476"]
[BlackElo "2332"]
[PlyCount "45"]
[EventDate "2007.07.20"]

1. d4 d6 2. e4 Nf6 3. Nc3 e5 4. dxe5 dxe5 5. Qxd8+ Kxd8 6. Bg5 Be6 7. g3 h6 8.
O-O-O+ Nbd7 9. Bxf6+ gxf6 10. f4 exf4 11. gxf4 f5 12. Bh3 fxe4 13. f5 Bc4 14.
f6 Be6 15. Bxe6 fxe6 16. Nxe4 Ke8 17. Nf3 Nc5 18. f7+ Kxf7 19. Ne5+ Ke8 20.
Nf6+ Ke7 21. Rhf1 h5 22. Ng6+ Kf7 23. Nxf8 1-0

[Event "PARDUBICE OPEN  2007 "]
[Site "CEZ arena,  Pardubice  (CZE)"]
[Date "2007.07.23"]
[Round "4"]
[White "Otte, Marco"]
[Black "Feller, Sebastian"]
[Result "1/2-1/2"]
[WhiteElo "2216"]
[BlackElo "2476"]
[PlyCount "102"]
[EventDate "2007.07.20"]

1. Nf3 g6 2. g3 d5 3. Bg2 Bg7 4. O-O e5 5. c4 dxc4 6. Na3 Nc6 7. Nxc4 Nge7 8.
d3 Be6 9. Ng5 Bd5 10. e4 Bxc4 11. dxc4 Qd4 12. Qa4 O-O 13. Be3 Qd8 14. Rad1 Nd4
15. c5 Nec6 16. Bxd4 Nxd4 17. Nf3 Qe7 18. Nxd4 exd4 19. Qc4 Rfd8 20. Rd3 b5 21.
cxb6 axb6 22. a4 Ra5 23. Rfd1 Qd7 24. b3 Rc5 25. Qb4 Rc2 26. Qe1 c5 27. R1d2
Rxd2 28. Qxd2 c4 29. bxc4 Qxa4 30. Qb2 Qa5 31. Bf3 Rc8 32. Qb5 Qxb5 33. cxb5
Rc5 34. Rb3 Rc1+ 35. Kg2 Bf8 36. Be2 Bc5 37. Rd3 Rc2 38. Kf3 Rb2 39. Rd1 g5 40.
g4 h5 41. h3 h4 42. Bd3 Kg7 43. e5 Kf8 44. Rf1 Bb4 45. Ke4 Bd2 46. Kxd4 Bf4 47.
Ke4 Rb4+ 48. Kd5 Rb3 49. Rd1 Rc3 50. Kd4 Ra3 51. Kd5 Rc3 1/2-1/2

[Event "PARDUBICE OPEN  2007 "]
[Site "CEZ arena,  Pardubice  (CZE)"]
[Date "2007.07.23"]
[Round "4"]
[White "Zilberman, Yaacov"]
[Black "Bibik, Jura"]
[Result "1-0"]
[WhiteElo "2473"]
[BlackElo "2328"]
[PlyCount "151"]
[EventDate "2007.07.20"]

1. d4 d5 2. c4 c6 3. Nf3 Nf6 4. Nc3 a6 5. a4 e6 6. Bg5 Nbd7 7. cxd5 exd5 8. e3
Be7 9. Qc2 O-O 10. Bd3 Re8 11. O-O Nf8 12. Bxf6 Bxf6 13. b4 Bg4 14. Nd2 Qd6 15.
Rab1 g6 16. Rfc1 Bd7 17. b5 a5 18. bxc6 bxc6 19. Ne2 Ne6 20. h3 Rec8 21. Qa2 c5
22. dxc5 Rxc5 23. Rxc5 Qxc5 24. Bb5 Qd6 25. Nf3 Rd8 26. Qd2 Bxb5 27. Rxb5 d4
28. Nexd4 Nxd4 29. Nxd4 Bxd4 30. exd4 Qxd4 31. Qxd4 Rxd4 32. Rxa5 h5 33. g3 Kg7
34. h4 Rd3 35. Rc5 Ra3 36. Rc4 Ra2 37. Kf1 Kf6 38. Rf4+ Ke6 39. Ke1 Ke5 40. Kd1
f6 41. Ke1 Ke6 42. Rb4 Kd6 43. Kf1 Ke6 44. Kg2 Ra3 45. Rb6+ Ke5 46. Ra6 Kf5 47.
a5 Ra2 48. Ra7 Ra3 49. a6 Ke6 50. Kf1 Ra2 51. Ke1 Kf5 52. Kf1 Ke6 53. Ra8 Kf5
54. a7 Kg4 55. Kg2 Kf5 56. Kh3 Ra4 57. Kh2 Ra2 58. Kg2 Ra3 59. f3 Ra2+ 60. Kf1
Ra3 61. Ke2 Ra2+ 62. Kd3 Ra3+ 63. Kc4 Ra4+ 64. Kb5 Ra1 65. Kc4 Rc1+ 66. Kd4
Rd1+ 67. Ke3 Ra1 68. g4+ hxg4 69. fxg4+ Kxg4 70. h5 Ra3+ 71. Kd4 Ra4+ 72. Kc3
gxh5 73. Rg8+ Kf3 74. a8=Q+ Rxa8 75. Rxa8 h4 76. Rh8 1-0

[Event "PARDUBICE OPEN  2007 "]
[Site "CEZ arena,  Pardubice  (CZE)"]
[Date "2007.07.23"]
[Round "4"]
[White "Alaguzov, Maxat"]
[Black "Boskovic, Drasko"]
[Result "0-1"]
[WhiteElo "2200"]
[BlackElo "2473"]
[PlyCount "120"]
[EventDate "2007.07.20"]

1. Nf3 c5 2. c4 g6 3. g3 Bg7 4. Bg2 Nc6 5. O-O Nh6 6. Nc3 Nf5 7. d3 O-O 8. Bd2
d6 9. a3 Qd7 10. Rb1 b6 11. b4 Bb7 12. Ne4 e5 13. b5 Ncd4 14. e3 Ne6 15. a4 Ne7
16. a5 Rab8 17. Nc3 Rfd8 18. e4 h6 19. Bh3 Qc7 20. Ra1 Bc8 21. Nd5 Nxd5 22.
exd5 Nd4 23. Bxc8 Rdxc8 24. Nxd4 cxd4 25. Ra4 f5 26. f3 Re8 27. Re1 Re7 28. Qc1
g5 29. Qa3 Bf8 30. Bb4 Rf7 31. axb6 axb6 32. Ra8 h5 33. h3 Kh7 34. Kg2 h4 35.
Rxb8 Qxb8 36. g4 Qd8 37. Qb2 Qf6 38. Qe2 fxg4 39. fxg4 Qf4 40. Qe4+ Qxe4+ 41.
Rxe4 Ra7 42. Re2 Kg7 43. Rb2 Ra1 44. Kf3 Be7 45. Bd2 Rg1 46. Ba5 Rg3+ 47. Kf2
Rxh3 48. Rb1 bxa5 49. b6 Bd8 50. b7 Bc7 51. b8=Q Bxb8 52. Rxb8 Kf7 53. Rb7+ Ke8
54. Rg7 Rxd3 55. Rxg5 Rc3 56. Rg8+ Kf7 57. Rd8 Ke7 58. Rc8 a4 59. g5 a3 60. g6
a2 0-1

[Event "PARDUBICE OPEN  2007 "]
[Site "CEZ arena,  Pardubice  (CZE)"]
[Date "2007.07.23"]
[Round "4"]
[White "Oleksienko, Mikhailo"]
[Black "Schlecht, Daniel"]
[Result "1-0"]
[WhiteElo "2567"]
[BlackElo "2380"]
[PlyCount "81"]
[EventDate "2007.07.20"]

1. e4 c5 2. Nf3 d6 3. d4 cxd4 4. Nxd4 Nf6 5. Nc3 a6 6. Be2 e5 7. Nb3 Be7 8. O-O
O-O 9. Qd3 Be6 10. Nd5 Nbd7 11. Rd1 Bxd5 12. exd5 Rc8 13. Be3 Nb6 14. Bf3 Nc4
15. Bc1 Nd7 16. Bg4 g6 17. Qf1 f5 18. Be2 b5 19. a4 Bg5 20. Bxg5 Qxg5 21. axb5
axb5 22. Bxc4 Rxc4 23. c3 f4 24. Nd2 e4 25. b3 Rc7 26. Nxe4 Qe5 27. Re1 Qxd5
28. Rad1 Qxb3 29. Nxd6 Rxc3 30. Nxb5 Rc4 31. Nd4 Qa4 32. Ra1 Rxd4 33. Rxa4 Rxa4
34. Re7 Rf7 35. Rxf7 Kxf7 36. Qd1 Ra7 37. Qd5+ Kf8 38. Qd4 Rb7 39. h4 h5 40.
Kh2 f3 41. g3 1-0

[Event "PARDUBICE OPEN  2007 "]
[Site "CEZ arena,  Pardubice  (CZE)"]
[Date "2007.07.23"]
[Round "4"]
[White "Nedochetov, Mikhail"]
[Black "Kryakvin, Dmitry"]
[Result "0-1"]
[WhiteElo "2367"]
[BlackElo "2554"]
[PlyCount "100"]
[EventDate "2007.07.20"]

1. d4 g6 2. Nf3 Bg7 3. c4 d6 4. Nc3 Bg4 5. e4 Nc6 6. Be3 Bxf3 7. gxf3 e5 8. d5
Nd4 9. Nb5 c5 10. dxc6 bxc6 11. Nxd4 exd4 12. Bxd4 Qa5+ 13. Ke2 Nf6 14. Bc3 Qc7
15. Qd2 O-O 16. Rd1 d5 17. Bg2 Nh5 18. Bxg7 Nxg7 19. cxd5 cxd5 20. Rc1 Qb8 21.
h4 dxe4 22. fxe4 Qb5+ 23. Qd3 Qxb2+ 24. Rc2 Qf6 25. Qc3 Qe6 26. Rhc1 Nh5 27.
Kf1 Qe7 28. Qh3 Rad8 29. Bf3 Rd3 30. Qg4 Qf6 31. Be2 Ra3 32. Kg1 Nf4 33. Bf1
Ra5 34. Rc4 Ne6 35. a4 Rh5 36. Qg3 Rd8 37. Be2 Re5 38. Bg4 Nd4 39. Re1 h5 40.
Bd1 Ne6 41. Rc6 Rd4 42. f3 Rd3 43. Be2 Ra3 44. Rf1 Kg7 45. Rc4 Nf4 46. Bd1 Ra2
47. Kh1 Rg2 48. Qxg2 Nxg2 49. Kxg2 Qf4 50. Rc7 Qxh4 0-1

[Event "PARDUBICE OPEN  2007 "]
[Site "CEZ arena,  Pardubice  (CZE)"]
[Date "2007.07.23"]
[Round "4"]
[White "Maslak, Konstantin"]
[Black "Gorovets, Andrei"]
[Result "1/2-1/2"]
[WhiteElo "2548"]
[BlackElo "2364"]
[PlyCount "81"]
[EventDate "2007.07.20"]

1. e4 Nf6 2. e5 Nd5 3. d4 d6 4. Nf3 dxe5 5. Nxe5 c6 6. Qf3 Be6 7. Bc4 g6 8. O-O
Bg7 9. Re1 O-O 10. c3 Nd7 11. Nd2 Nxe5 12. dxe5 Qc7 13. Qg3 b5 14. Bf1 b4 15.
c4 Nb6 16. b3 a5 17. Nf3 a4 18. Bd2 c5 19. Bf4 Nd7 20. Rad1 Rfd8 21. Rd3 axb3
22. axb3 Nf8 23. Rde3 Qd7 24. Qh4 Bf5 25. Bh6 Bxh6 26. Qxh6 Ra2 27. Ng5 Qd4 28.
h3 Qb2 29. R1e2 Qb1 30. Rxa2 Qxa2 31. g4 Be6 32. Kg2 Bc8 33. Bd3 Bb7+ 34. Be4
Qa8 35. Kg3 Bxe4 36. Nxe4 Qa1 37. Nxc5 Qg1+ 38. Kf3 Qh1+ 39. Kg3 Qg1+ 40. Kf3
Qh1+ 41. Kg3 1/2-1/2

[Event "PARDUBICE OPEN  2007 "]
[Site "CEZ arena,  Pardubice  (CZE)"]
[Date "2007.07.23"]
[Round "4"]
[White "Nun, Jiri"]
[Black "Votava, Jan"]
[Result "1/2-1/2"]
[WhiteElo "2366"]
[BlackElo "2547"]
[PlyCount "76"]
[EventDate "2007.07.20"]

1. e4 e5 2. Nf3 Nc6 3. Bc4 Nf6 4. d3 Bc5 5. O-O d6 6. c3 O-O 7. Bb3 a6 8. Nbd2
Ba7 9. Re1 Ng4 10. Re2 Kh8 11. h3 Nh6 12. Nf1 f5 13. Bxh6 gxh6 14. exf5 Bxf5
15. Bd5 Ne7 16. Be4 Ng6 17. Ng3 Bd7 18. Bxg6 hxg6 19. d4 Bxh3 20. Qd3 Qf6 21.
dxe5 dxe5 22. Nxe5 Bxf2+ 23. Kh2 Bf5 24. Nxf5 gxf5 25. Rxf2 Qxe5+ 26. Kg1 f4
27. Raf1 Rf6 28. Qd2 Raf8 29. Rf3 Kg7 30. Qf2 R8f7 31. Rd1 Rg6 32. Qd4 Qxd4+
33. Rxd4 Rgf6 34. Kf2 Kg6 35. Rfd3 c6 36. Kf3 Kg5 37. Re4 Rg7 38. Rdd4 Rgf7
1/2-1/2

[Event "PARDUBICE OPEN  2007 "]
[Site "CEZ arena,  Pardubice  (CZE)"]
[Date "2007.07.23"]
[Round "4"]
[White "Tikkanen, Hans"]
[Black "Jedynak, Radoslaw"]
[Result "1-0"]
[WhiteElo "2365"]
[BlackElo "2540"]
[PlyCount "95"]
[EventDate "2007.07.20"]

1. d4 Nf6 2. c4 c5 3. d5 b5 4. cxb5 a6 5. b6 e6 6. Nc3 Bb7 7. e4 exd5 8. exd5
d6 9. Bc4 Be7 10. Nge2 O-O 11. O-O Nbd7 12. Na4 Nxb6 13. Nxb6 Qxb6 14. b3 Nd7
15. Bb2 Qd8 16. Re1 Bf6 17. Bxf6 Qxf6 18. Qd2 Rfe8 19. Ng3 Ne5 20. Rad1 Re7 21.
Re2 Rae8 22. Rde1 Kf8 23. h3 Bc8 24. Kh2 Qh4 25. Qc3 Qf6 26. Qd2 Qh4 27. Qc3 f5
28. f3 a5 29. Rf1 Bd7 30. Rc1 Nxc4 31. Rxe7 Qxe7 32. bxc4 Qe3 33. Qxe3 Rxe3 34.
Rb1 Ke7 35. Rb3 Rxb3 36. axb3 f4 37. Ne2 Kf6 38. Nxf4 Bf5 39. Nh5+ Ke5 40. f4+
Kd4 41. Nxg7 Bg6 42. f5 Bf7 43. Ne6+ Kc3 44. Nxc5 Kb4 45. Nb7 Bg8 46. f6 Kxb3
47. Nxa5+ Kb4 48. Nb7 1-0

[Event "PARDUBICE OPEN  2007 "]
[Site "CEZ arena,  Pardubice  (CZE)"]
[Date "2007.07.23"]
[Round "4"]
[White "Warakomski, Tomasz"]
[Black "Spirin, Oleg"]
[Result "0-1"]
[WhiteElo "2506"]
[BlackElo "2356"]
[PlyCount "46"]
[EventDate "2007.07.20"]

1. e4 c5 2. Nf3 d6 3. d4 cxd4 4. Nxd4 Nf6 5. Nc3 a6 6. f4 e6 7. f5 e5 8. Nf3 h6
9. Bc4 Qc7 10. Qd3 b5 11. Nd5 Nxd5 12. Bxd5 Bb7 13. Bxb7 Qxb7 14. a4 b4 15. Be3
Nd7 16. Nd2 Be7 17. O-O-O Rc8 18. g4 Nf6 19. Rhg1 b3 20. c3 Qc6 21. h4 d5 22.
exd5 Nxd5 23. Kb1 Qxa4 0-1

[Event "PARDUBICE OPEN  2007 "]
[Site "CEZ arena,  Pardubice  (CZE)"]
[Date "2007.07.23"]
[Round "4"]
[White "Sveshnikov, Evgeni"]
[Black "Radovanovic, Jovica"]
[Result "1/2-1/2"]
[WhiteElo "2504"]
[BlackElo "2355"]
[PlyCount "45"]
[EventDate "2007.07.20"]

1. e4 e5 2. Nf3 d6 3. d4 Nd7 4. Bc4 c6 5. O-O Be7 6. a4 Ngf6 7. Nc3 O-O 8. Re1
b6 9. d5 cxd5 10. Nxd5 Nxd5 11. Bxd5 Rb8 12. b3 Qc7 13. Ba3 Nf6 14. c4 Nxd5 15.
cxd5 Qd7 16. Rc1 Bb7 17. Qd3 f5 18. exf5 Rxf5 19. Nd4 exd4 20. Rxe7 Qxe7 21.
Qxf5 Re8 22. h3 Qe4 23. Qxe4 1/2-1/2

[Event "PARDUBICE OPEN  2007 "]
[Site "CEZ arena,  Pardubice  (CZE)"]
[Date "2007.07.23"]
[Round "4"]
[White "Reutsky, Sergei"]
[Black "Bromberger, Stefan"]
[Result "1/2-1/2"]
[WhiteElo "2360"]
[BlackElo "2500"]
[PlyCount "58"]
[EventDate "2007.07.20"]

1. e4 c5 2. Nf3 d6 3. d4 cxd4 4. Nxd4 Nf6 5. Nc3 a6 6. Bc4 e6 7. O-O b5 8. Bb3
Be7 9. Qf3 Qb6 10. Be3 Qb7 11. a3 Nbd7 12. Qg3 Nc5 13. e5 dxe5 14. Nf5 exf5 15.
Qxg7 Nxb3 16. Qxh8+ Kd7 17. Rad1+ Ke6 18. Qg7 Nc5 19. Rfe1 Qc6 20. Bxc5 Qxc5
21. Rd5 Qc7 22. Rdxe5+ Qxe5 23. Rxe5+ Kxe5 24. Ne2 Kd6 25. Nd4 Be6 26. Qg3+ Kd7
27. Qd3 Ke8 28. Nxf5 Bxf5 29. Qxf5 h5 1/2-1/2

[Event "PARDUBICE OPEN  2007 "]
[Site "CEZ arena,  Pardubice  (CZE)"]
[Date "2007.07.23"]
[Round "4"]
[White "Bosiocic, Marin"]
[Black "Rojicek, Vojtech"]
[Result "1-0"]
[WhiteElo "2496"]
[BlackElo "2354"]
[PlyCount "67"]
[EventDate "2007.07.20"]

1. e4 c5 2. Nf3 d6 3. c3 Nf6 4. h3 g6 5. Bd3 Bg7 6. O-O O-O 7. Re1 Nc6 8. Bc2
h6 9. d4 cxd4 10. cxd4 e5 11. d5 Nb4 12. Bb3 a5 13. Nc3 Bd7 14. Be3 Kh7 15. a3
Na6 16. Nd2 b5 17. a4 b4 18. Nb5 Ne8 19. Nc4 f5 20. exf5 Bxf5 21. Qd2 Rc8 22.
Bb6 Qf6 23. Nxa5 Nc5 24. Bxc5 Rxc5 25. Nb7 Rc8 26. a5 e4 27. a6 Qh4 28. N7xd6
Nxd6 29. Nxd6 Be5 30. Nxf5 gxf5 31. d6 Rcd8 32. d7 Rf6 33. Qd5 Bd6 34. Qg8+ 1-0

[Event "PARDUBICE OPEN  2007 "]
[Site "CEZ arena,  Pardubice  (CZE)"]
[Date "2007.07.23"]
[Round "4"]
[White "Aguettaz, Maxime"]
[Black "Henrichs, Thomas"]
[Result "0-1"]
[WhiteElo "2356"]
[BlackElo "2496"]
[PlyCount "64"]
[EventDate "2007.07.20"]

1. c4 Nf6 2. Nc3 e5 3. g3 Bb4 4. Bg2 O-O 5. e4 Bxc3 6. bxc3 c6 7. Ne2 d5 8.
cxd5 cxd5 9. exd5 Nxd5 10. O-O Nc6 11. Rb1 Re8 12. d3 Rb8 13. c4 Nde7 14. Be3
Bf5 15. Rb3 Qd7 16. Qb1 b6 17. Rd1 Bh3 18. Bh1 Bg4 19. f3 Be6 20. g4 f5 21. h3
Rbd8 22. Rc3 h5 23. gxf5 Nxf5 24. Bg5 Ncd4 25. Kf2 Nxe2 26. Kxe2 Qd4 27. Bxd8
Qe3+ 28. Kf1 Nd4 29. Bg2 Bxh3 30. Qb2 Rf8 31. Qf2 Rxf3 32. Bh4 Bxg2+ 0-1

[Event "PARDUBICE OPEN  2007 "]
[Site "CEZ arena,  Pardubice  (CZE)"]
[Date "2007.07.23"]
[Round "4"]
[White "Maiorov, Nikita"]
[Black "Rehorek, Martin"]
[Result "1-0"]
[WhiteElo "2487"]
[BlackElo "2346"]
[PlyCount "115"]
[EventDate "2007.07.20"]

1. d4 Nf6 2. c4 e6 3. Nc3 Bb4 4. Qc2 d5 5. a3 Bxc3+ 6. Qxc3 Ne4 7. Qc2 c5 8.
dxc5 Nc6 9. e3 Qa5+ 10. Bd2 Nxd2 11. Qxd2 dxc4 12. Bxc4 Qxc5 13. Rc1 Qg5 14. f4
Qh4+ 15. Qf2 Qxf2+ 16. Kxf2 Bd7 17. Nf3 Ke7 18. b4 Rac8 19. g4 h6 20. h4 Rhd8
21. Be2 Nb8 22. g5 Be8 23. gxh6 gxh6 24. Ne5 Nd7 25. Ng4 h5 26. Ne5 f6 27. Nf3
Nb6 28. Nd4 Rxc1 29. Rxc1 Rc8 30. Rg1 Bf7 31. Bf3 Nd5 32. Bxd5 exd5 33. Ke2 a6
34. Kd2 Rg8 35. Rxg8 Bxg8 36. Kc3 Be6 37. Nb3 Kd6 38. a4 b6 39. Kd4 Bd7 40. a5
bxa5 41. bxa5 Bb5 42. Nc5 Be2 43. f5 Kc6 44. Ne6 Bg4 45. Nf4 Bf3 46. Ne6 Bg4
47. Nc5 Be2 48. Na4 Kd6 49. Nc3 Bf3 50. Na2 Bg4 51. Nb4 Bxf5 52. Nxa6 Bc8 53.
Nb4 Bb7 54. Nd3 Bc8 55. Nf4 Bg4 56. a6 Kc6 57. Nxd5 f5 58. Ke5 1-0

[Event "PARDUBICE OPEN  2007 "]
[Site "CEZ arena,  Pardubice  (CZE)"]
[Date "2007.07.23"]
[Round "4"]
[White "Kalod, Radek"]
[Black "Onoprienko, Vladimir"]
[Result "1-0"]
[WhiteElo "2486"]
[BlackElo "2342"]
[PlyCount "97"]
[EventDate "2007.07.20"]

1. e4 c5 2. Nf3 g6 3. c3 Bg7 4. d4 Qa5 5. Nbd2 d6 6. h3 cxd4 7. Nb3 Qd8 8. cxd4
Nf6 9. Bd3 O-O 10. O-O a5 11. Re1 a4 12. Nbd2 Nc6 13. a3 Nd7 14. Bc2 Nxd4 15.
Nxd4 Bxd4 16. Nf3 Bg7 17. Bxa4 Nc5 18. Bc2 Qc7 19. Rb1 Bd7 20. Be3 Rfc8 21. Bd4
Bxd4 22. Nxd4 Qb6 23. Re3 Ne6 24. Ne2 Bc6 25. Qd2 Qc5 26. Bb3 Qa5 27. Nc3 Qg5
28. Rd1 Rc7 29. Kh1 Rac8 30. Ne2 Nc5 31. Bxf7+ Kg7 32. Bd5 e5 33. Nc3 Rf8 34.
b4 Nd7 35. Rg3 Qxd2 36. Rxd2 Nf6 37. Rgd3 Bxd5 38. exd5 Rfc8 39. Nb5 Rc1+ 40.
Rd1 Ne4 41. Kg1 R1c2 42. Re1 R8c4 43. f3 Ng3 44. Nxd6 Rd4 45. Rxd4 exd4 46. Ne4
d3 47. Rd1 Ne2+ 48. Kf1 Nf4 49. d6 1-0

[Event "PARDUBICE OPEN  2007 "]
[Site "CEZ arena,  Pardubice  (CZE)"]
[Date "2007.07.23"]
[Round "4"]
[White "Vasjukov, Evgeni"]
[Black "Granovski, Aleksandr"]
[Result "1-0"]
[WhiteElo "2486"]
[BlackElo "2341"]
[PlyCount "113"]
[EventDate "2007.07.20"]

1. e4 c5 2. Nf3 Nc6 3. Bb5 d6 4. d4 cxd4 5. Qxd4 Bd7 6. Bxc6 Bxc6 7. Nc3 Nf6 8.
Bg5 e6 9. O-O-O Be7 10. Rhe1 h6 11. Bf4 e5 12. Nxe5 dxe5 13. Qxe5 Nd7 14. Qxg7
Bf6 15. Qg3 Bg5 16. Nd5 Kf8 17. Qa3+ Kg7 18. Bxg5 Qxg5+ 19. f4 Qh4 20. g3 Qh3
21. Ne7 Rhe8 22. Qc3+ Kh7 23. Nxc6 bxc6 24. Qxc6 Nf8 25. e5 Kg8 26. Rd2 Rad8
27. Red1 Rxd2 28. Rxd2 Rc8 29. Qa6 Rc7 30. b3 Rd7 31. Rxd7 Qxd7 32. Qxh6 Qd4
33. Qd6 Qa1+ 34. Kd2 Qxa2 35. h4 Qa5+ 36. Ke2 Qc3 37. Qd3 Qc5 38. Kd2 Qg1 39.
Qe3 Qh1 40. Kc3 Qa1+ 41. Kd2 Qa5+ 42. Qc3 Qd5+ 43. Kc1 Ne6 44. Kb2 Nd4 45. Qd3
a5 46. h5 Kg7 47. g4 Kh6 48. Qa6+ Kh7 49. Qc4 Qxc4 50. bxc4 Kh6 51. f5 Nc6 52.
e6 fxe6 53. fxe6 Kg5 54. Ka3 Kf6 55. h6 Ne7 56. Ka4 Kxe6 57. Kxa5 1-0

[Event "PARDUBICE OPEN  2007 "]
[Site "CEZ arena,  Pardubice  (CZE)"]
[Date "2007.07.23"]
[Round "4"]
[White "Jurek, Josef"]
[Black "Potapov, Alexander"]
[Result "0-1"]
[WhiteElo "2350"]
[BlackElo "2480"]
[PlyCount "54"]
[EventDate "2007.07.20"]

1. d4 f5 2. g3 Nf6 3. Bg2 g6 4. c4 Bg7 5. Nc3 d6 6. d5 O-O 7. Nh3 Qe8 8. O-O
Na6 9. Nf4 Bd7 10. Rb1 c6 11. b4 Rd8 12. b5 Nc5 13. bxc6 bxc6 14. Be3 e5 15.
dxe6 Nxe6 16. Qxd6 Ng4 17. Nd1 Nxe3 18. Nxe3 Nd4 19. Rfe1 g5 20. Nd3 f4 21. Nf1
Bf5 22. Qc5 Nxe2+ 23. Kh1 f3 24. Bxf3 Be4 25. Nd2 Rxf3 26. Rxe2 Re3+ 27. Nxe4
Qxe4+ 0-1

[Event "PARDUBICE OPEN  2007 "]
[Site "CEZ arena,  Pardubice  (CZE)"]
[Date "2007.07.23"]
[Round "4"]
[White "Lavrov, Maxim"]
[Black "Ismagambetov, Anuar"]
[Result "1/2-1/2"]
[WhiteElo "2345"]
[BlackElo "2479"]
[PlyCount "84"]
[EventDate "2007.07.20"]

1. e4 e5 2. Nf3 Nc6 3. Bb5 Nf6 4. O-O Nxe4 5. d4 Nd6 6. Bxc6 dxc6 7. dxe5 Nf5
8. Qxd8+ Kxd8 9. Nc3 a5 10. b3 h6 11. h3 Bb4 12. Ne4 Be7 13. Rd1+ Ke8 14. Bb2
Be6 15. c4 h5 16. Nfg5 a4 17. Rd3 c5 18. Rad1 axb3 19. axb3 b6 20. Nf3 Rd8 21.
Nc3 Rxd3 22. Rxd3 c6 23. Rd1 Bd8 24. Ne4 Bc7 25. Ra1 Kd7 26. Ra7 Rb8 27. Nd6 b5
28. Bc3 Kd8 29. Nb7+ Kc8 30. Nxc5 bxc4 31. Nxe6 fxe6 32. bxc4 Rb1+ 33. Kh2 Rc1
34. Ra3 Rc2 35. Ba5 Bxa5 36. Rxa5 Rxf2 37. Ra7 Re2 38. c5 g5 39. Nxg5 Rxe5 40.
Ra6 Kb7 41. Rb6+ Kc7 42. Rb4 Ne3 1/2-1/2

[Event "PARDUBICE OPEN  2007 "]
[Site "CEZ arena,  Pardubice  (CZE)"]
[Date "2007.07.23"]
[Round "4"]
[White "Kleyman, Boris"]
[Black "Haub, Thorsten-Michael"]
[Result "1/2-1/2"]
[WhiteElo "2337"]
[BlackElo "2466"]
[PlyCount "114"]
[EventDate "2007.07.20"]

1. e4 g6 2. d4 Bg7 3. Nc3 d6 4. Be3 a6 5. Qd2 Nd7 6. h3 b5 7. g4 Bb7 8. Bg2 Nb6
9. b3 Nf6 10. f3 h5 11. g5 Nfd7 12. Nge2 c5 13. Rd1 Qc7 14. O-O Bxd4 15. Bxd4
cxd4 16. Qxd4 Qc5 17. Qxc5 Nxc5 18. a3 Rc8 19. h4 O-O 20. Rd2 Rc7 21. Bh3 Ncd7
22. Nd1 Ne5 23. Ne3 a5 24. Rf2 a4 25. f4 Ng4 26. Nxg4 hxg4 27. Bxg4 axb3 28.
cxb3 Bxe4 29. Nd4 Rc3 30. Bd1 b4 31. axb4 Ra8 32. Kh2 Kg7 33. f5 Rh8 34. f6+
Kf8 35. fxe7+ Kxe7 36. Rf4 d5 37. b5 Rd3 38. Rxd3 Bxd3 39. Kg3 Nd7 40. Nc6+ Kd6
41. Rxf7 Bxb5 42. Nd4 Bd3 43. b4 Be4 44. Ba4 Ne5 45. Rf6+ Kc7 46. Ne6+ Kb8 47.
Nc5 Bb1 48. Re6 Nc4 49. Bc6 d4 50. Be4 Bxe4 51. Rxe4 Nd6 52. Rf4 Nf5+ 53. Kh3
Ka7 54. Nd3 Re8 55. Rf3 Rh8 56. Rf4 Re8 57. Rf3 Rh8 1/2-1/2

[Event "PARDUBICE OPEN  2007 "]
[Site "CEZ arena,  Pardubice  (CZE)"]
[Date "2007.07.23"]
[Round "4"]
[White "Manik, Mikulas"]
[Black "Lagerman, Robert"]
[Result "1/2-1/2"]
[WhiteElo "2457"]
[BlackElo "2315"]
[PlyCount "47"]
[EventDate "2007.07.20"]

1. e4 e5 2. Nf3 Nc6 3. Bb5 Nge7 4. O-O d6 5. c3 Bd7 6. d4 Ng6 7. d5 Nb8 8.
Bxd7+ Nxd7 9. c4 Be7 10. Nc3 O-O 11. Be3 f5 12. exf5 Rxf5 13. Nd2 Bg5 14. Qg4
Bxe3 15. fxe3 Rxf1+ 16. Rxf1 Qe7 17. Nde4 Rf8 18. Nb5 Rxf1+ 19. Kxf1 Nb6 20.
Ng5 Nxc4 21. Qxc4 Qxg5 22. Nxc7 Qxe3 23. Ne6 Ne7 24. Qc7 1/2-1/2

[Event "PARDUBICE OPEN  2007 "]
[Site "CEZ arena,  Pardubice  (CZE)"]
[Date "2007.07.23"]
[Round "4"]
[White "Khamzin, Olzhas"]
[Black "Kuljasevic, Davorin"]
[Result "0-1"]
[WhiteElo "2333"]
[BlackElo "2454"]
[PlyCount "74"]
[EventDate "2007.07.20"]

1. d4 Nf6 2. c4 g6 3. g3 Bg7 4. Bg2 d5 5. cxd5 Nxd5 6. Nf3 Nb6 7. Nc3 Nc6 8. e3
O-O 9. O-O Re8 10. d5 Na5 11. Nd4 Bd7 12. e4 c6 13. Re1 cxd5 14. exd5 Qc8 15.
Bf4 Bg4 16. Nde2 e5 17. Bd2 Nac4 18. b3 Nd6 19. Rc1 Qf5 20. Be3 Rad8 21. Qd2
Bf3 22. Bxb6 axb6 23. Qe3 Bxg2 24. Kxg2 b5 25. Red1 b4 26. Na4 e4 27. Nb6 Qf6
28. Nc4 Nf5 29. Qb6 Qg5 30. Qxb4 e3 31. fxe3 Rxe3 32. Ng1 Qg4 33. Qb6 Nh4+ 34.
Kf2 Rf3+ 35. Nxf3 Qxf3+ 36. Ke1 Re8+ 37. Kd2 Re2# 0-1

[Event "PARDUBICE OPEN  2007 "]
[Site "CEZ arena,  Pardubice  (CZE)"]
[Date "2007.07.23"]
[Round "4"]
[White "Pileckis, Emilis"]
[Black "Markgraf, Alexander"]
[Result "1/2-1/2"]
[WhiteElo "2326"]
[BlackElo "2452"]
[PlyCount "110"]
[EventDate "2007.07.20"]

1. d4 f5 2. g3 Nf6 3. Bg2 g6 4. c3 d6 5. Qb3 Nc6 6. d5 Nb8 7. Nh3 Na6 8. Nf4 e5
9. dxe6 c6 10. Be3 Qe7 11. h4 Nc7 12. Bd4 Bh6 13. Nd2 O-O 14. Nf3 Bxf4 15. Bxf6
Rxf6 16. gxf4 Nd5 17. e3 Bxe6 18. Qa3 Nxf4 19. exf4 Bc4+ 20. Ne5 Re8 21. b3 Ba6
22. Bxc6 bxc6 23. Qxa6 dxe5 24. Qc4+ Qe6 25. Qxe6+ Rfxe6 26. fxe5 Rxe5+ 27. Kf1
Re2 28. Kg2 Rc2 29. Rhc1 Ree2 30. Rxc2 Rxc2 31. Rd1 Rxa2 32. Rd7 Ra3 33. Rb7 a5
34. h5 a4 35. bxa4 Rxa4 36. h6 Rg4+ 37. Kf1 Rh4 38. Rb8+ Kf7 39. Rb7+ Kg8 40.
Rb8+ Kf7 41. Rb7+ Ke6 42. Rxh7 Kd5 43. Rd7+ Kc5 44. h7 g5 45. Kg2 Rg4+ 46. Kf3
Rh4 47. Ke2 Rh3 48. Rc7 Rh2 49. Kf3 Rh3+ 50. Kg2 Rh4 51. f3 f4 52. Kf2 Rh2+ 53.
Kg1 Rh3 54. Kf2 Rh2+ 55. Kf1 Kd5 1/2-1/2

[Event "PARDUBICE OPEN  2007 "]
[Site "CEZ arena,  Pardubice  (CZE)"]
[Date "2007.07.23"]
[Round "4"]
[White "Espig, Lutz"]
[Black "Kuznetsov, Viktor"]
[Result "1/2-1/2"]
[WhiteElo "2320"]
[BlackElo "2448"]
[PlyCount "97"]
[EventDate "2007.07.20"]

1. Nf3 Nf6 2. c4 c5 3. Nc3 Nc6 4. g3 d5 5. cxd5 Nxd5 6. Bg2 Nc7 7. d3 e5 8. Nd2
Be6 9. Bxc6+ bxc6 10. Qa4 Qd7 11. Nc4 f6 12. Be3 Nd5 13. O-O-O Be7 14. Qa5 Nxe3
15. fxe3 O-O 16. Na4 Bxc4 17. dxc4 Qg4 18. Nc3 Qxc4 19. Rd7 Bd8 20. Qa4 Qxa4
21. Nxa4 f5 22. Nxc5 Bg5 23. Ne6 Bxe3+ 24. Kc2 Rf7 25. Rhd1 Bb6 26. e4 fxe4 27.
Rxf7 Kxf7 28. Ng5+ Kg6 29. Nxe4 Kf5 30. Nd6+ Kg4 31. Re1 Bd4 32. Re4+ Kf3 33.
Rh4 Rb8 34. b3 Rd8 35. Nf7 Rf8 36. Ng5+ Kg2 37. Rxh7 g6 38. Ne4 Rf3 39. Nd2
Rc3+ 40. Kd1 a5 41. Rh6 g5 42. Rg6 a4 43. Rxg5 Kxh2 44. Nc4 axb3 45. axb3 Rd3+
46. Kc2 Rc3+ 47. Kd1 Rd3+ 48. Kc2 Rc3+ 49. Kd1 1/2-1/2

[Event "PARDUBICE OPEN  2007 "]
[Site "CEZ arena,  Pardubice  (CZE)"]
[Date "2007.07.23"]
[Round "4"]
[White "Mihailovs, Jurijs"]
[Black "Vokac, Marek"]
[Result "1/2-1/2"]
[WhiteElo "2317"]
[BlackElo "2443"]
[PlyCount "73"]
[EventDate "2007.07.20"]

1. d4 g6 2. e4 Bg7 3. Nc3 c6 4. Be3 d5 5. f3 dxe4 6. fxe4 e5 7. d5 Nf6 8. dxc6
Qxd1+ 9. Rxd1 bxc6 10. Nf3 O-O 11. Bc4 Ba6 12. Bxa6 Nxa6 13. h3 Nh5 14. O-O Nf4
15. Rd7 Rfd8 16. Rfd1 Rxd7 17. Rxd7 Nb4 18. Ne1 a5 19. a3 Na6 20. Nf3 Ne6 21.
Na4 f5 22. Rd6 Nac7 23. Rxc6 fxe4 24. Nd2 Kf7 25. Nxe4 Nd5 26. Nb6 Nxb6 27.
Rxb6 Nf4 28. Rb7+ Kg8 29. c4 Rf8 30. c5 Ne2+ 31. Kh2 Nd4 32. Nd6 e4 33. Re7 Nc6
34. Rxe4 Bxb2 35. a4 Be5+ 36. Kg1 Bg3 37. Nb5 1/2-1/2